<?xml version="1.0" encoding="UTF-8"?>
<record
    xmlns:xsi="http://www.w3.org/2001/XMLSchema-instance"
    xsi:schemaLocation="http://www.loc.gov/MARC21/slim http://www.loc.gov/standards/marcxml/schema/MARC21slim.xsd"
    xmlns="http://www.loc.gov/MARC21/slim">

  <leader>03103    a2200289   4500</leader>
  <controlfield tag="003">NALT</controlfield>
  <controlfield tag="005">20250624095956.0</controlfield>
  <controlfield tag="008">250613b        th ||||| |||| 00| 0 tha d</controlfield>
  <datafield tag="020" ind1=" " ind2=" ">
    <subfield code="a">9786168313664</subfield>
  </datafield>
  <datafield tag="040" ind1=" " ind2=" ">
    <subfield code="a">NALT</subfield>
  </datafield>
  <datafield tag="041" ind1="1" ind2=" ">
    <subfield code="a">tha</subfield>
    <subfield code="h">eng</subfield>
  </datafield>
  <datafield tag="050" ind1=" " ind2=" ">
    <subfield code="a">DK 265</subfield>
    <subfield code="b">&#xE25;783&#xE2B; 2566</subfield>
  </datafield>
  <datafield tag="100" ind1="1" ind2=" ">
    <subfield code="a">&#xE40;&#xE25;&#xE19;&#xE34;&#xE19;, &#xE27;&#xE35;.&#xE44;&#xE2D;.</subfield>
    <subfield code="9">66087</subfield>
  </datafield>
  <datafield tag="245" ind1="1" ind2="0">
    <subfield code="a">1917 &#xE1B;&#xE0F;&#xE34;&#xE27;&#xE31;&#xE15;&#xE34;&#xE23;&#xE31;&#xE2A;&#xE40;&#xE0B;&#xE35;&#xE22; : </subfield>
    <subfield code="b">&#xE2A;&#xE23;&#xE23;&#xE19;&#xE34;&#xE1E;&#xE19;&#xE18;&#xE4C;&#xE40;&#xE25;&#xE19;&#xE34;&#xE19; &#xE13; &#xE2D;&#xE23;&#xE38;&#xE13;&#xE23;&#xE38;&#xE48;&#xE07;&#xE41;&#xE2B;&#xE48;&#xE07;&#xE1B;&#xE35;&#xE1B;&#xE0F;&#xE34;&#xE27;&#xE31;&#xE15;&#xE34; /</subfield>
    <subfield code="h">V.I. Lenin ; &#xE41;&#xE1B;&#xE25;, &#xE20;&#xE31;&#xE04;&#xE27;&#xE14;&#xE35; &#xE27;&#xE35;&#xE23;&#xE30;&#xE20;&#xE32;&#xE2A;&#xE1E;&#xE07;&#xE29;&#xE4C;.</subfield>
  </datafield>
  <datafield tag="250" ind1=" " ind2=" ">
    <subfield code="a">&#xE1E;&#xE34;&#xE21;&#xE1E;&#xE4C;&#xE04;&#xE23;&#xE31;&#xE49;&#xE07;&#xE41;&#xE23;&#xE01;.</subfield>
  </datafield>
  <datafield tag="260" ind1=" " ind2=" ">
    <subfield code="a">&#xE01;&#xE23;&#xE38;&#xE07;&#xE40;&#xE17;&#xE1E;&#xE2F; :</subfield>
    <subfield code="b">&#xE1A;&#xE38;&#xE4A;&#xE04;&#xE2A;&#xE40;&#xE04;&#xE1B;,</subfield>
    <subfield code="c">2566.</subfield>
  </datafield>
  <datafield tag="300" ind1=" " ind2=" ">
    <subfield code="a">303 &#xE2B;&#xE19;&#xE49;&#xE32; :</subfield>
    <subfield code="b">&#xE20;&#xE32;&#xE1E;&#xE1B;&#xE23;&#xE30;&#xE01;&#xE2D;&#xE1A; ;</subfield>
    <subfield code="c">19 &#xE0B;&#xE21;.</subfield>
  </datafield>
  <datafield tag="505" ind1="0" ind2=" ">
    <subfield code="a">&#xE1A;&#xE17;&#xE19;&#xE33; &#xE40;&#xE25;&#xE19;&#xE34;&#xE19; 1917 &#xE1B;&#xE23;&#xE30;&#xE01;&#xE32;&#xE22;&#xE44;&#xE1F; &#xE13; &#xE2D;&#xE23;&#xE38;&#xE13;&#xE23;&#xE38;&#xE48;&#xE07;&#xE41;&#xE2B;&#xE48;&#xE07;&#xE01;&#xE32;&#xE23;&#xE1B;&#xE0F;&#xE34;&#xE27;&#xE31;&#xE15;&#xE34;&#xE2A;&#xE31;&#xE07;&#xE04;&#xE21;&#xE19;&#xE34;&#xE22;&#xE21; --
1917 &#xE1B;&#xE0F;&#xE34;&#xE27;&#xE31;&#xE15;&#xE34;&#xE23;&#xE31;&#xE2A;&#xE40;&#xE0B;&#xE35;&#xE22; &#xE2A;&#xE23;&#xE23;&#xE19;&#xE34;&#xE1E;&#xE19;&#xE18;&#xE4C;&#xE40;&#xE25;&#xE19;&#xE34;&#xE19; &#xE13; &#xE2D;&#xE23;&#xE38;&#xE13;&#xE23;&#xE38;&#xE48;&#xE07;&#xE41;&#xE2B;&#xE48;&#xE07;&#xE1B;&#xE35;&#xE1B;&#xE0F;&#xE34;&#xE27;&#xE31;&#xE15;&#xE34; -- 
1. &#xE08;&#xE14;&#xE2B;&#xE21;&#xE32;&#xE22;&#xE08;&#xE32;&#xE01;&#xE41;&#xE14;&#xE19;&#xE44;&#xE01;&#xE25; &#xE09;&#xE1A;&#xE31;&#xE1A;&#xE17;&#xE35;&#xE48;&#xE2B;&#xE19;&#xE36;&#xE48;&#xE07; &#xE02;&#xE31;&#xE49;&#xE19;&#xE15;&#xE2D;&#xE19;&#xE41;&#xE23;&#xE01;&#xE02;&#xE2D;&#xE07;&#xE01;&#xE32;&#xE23;&#xE1B;&#xE0F;&#xE34;&#xE27;&#xE31;&#xE15;&#xE34;&#xE04;&#xE23;&#xE31;&#xE49;&#xE07;&#xE17;&#xE35;&#xE48;&#xE2B;&#xE19;&#xE36;&#xE48;&#xE07; -- 
2. &#xE20;&#xE32;&#xE23;&#xE01;&#xE34;&#xE08;&#xE02;&#xE2D;&#xE07;&#xE0A;&#xE19;&#xE0A;&#xE31;&#xE49;&#xE19;&#xE01;&#xE23;&#xE23;&#xE21;&#xE32;&#xE0A;&#xE35;&#xE1E;&#xE43;&#xE19;&#xE01;&#xE32;&#xE23;&#xE1B;&#xE0F;&#xE34;&#xE27;&#xE31;&#xE15;&#xE34;&#xE04;&#xE23;&#xE31;&#xE49;&#xE07;&#xE19;&#xE35;&#xE49; ("&#xE1A;&#xE17;&#xE40;&#xE2A;&#xE19;&#xE2D;&#xE40;&#xE14;&#xE37;&#xE2D;&#xE19;&#xE40;&#xE21;&#xE29;&#xE32;&#xE22;&#xE19;") -- 
3. &#xE20;&#xE31;&#xE22;&#xE1E;&#xE34;&#xE1A;&#xE31;&#xE15;&#xE34;&#xE01;&#xE33;&#xE25;&#xE31;&#xE07;&#xE15;&#xE31;&#xE49;&#xE07;&#xE40;&#xE04;&#xE49;&#xE32;&#xE41;&#xE25;&#xE30;&#xE27;&#xE34;&#xE18;&#xE35;&#xE01;&#xE32;&#xE23;&#xE23;&#xE31;&#xE1A;&#xE21;&#xE37;&#xE2D; -- 
4. &#xE04;&#xE33;&#xE16;&#xE32;&#xE21;&#xE1E;&#xE37;&#xE49;&#xE19;&#xE10;&#xE32;&#xE19;&#xE1B;&#xE23;&#xE30;&#xE01;&#xE32;&#xE23;&#xE2B;&#xE19;&#xE36;&#xE48;&#xE07;&#xE02;&#xE2D;&#xE07;&#xE01;&#xE32;&#xE23;&#xE1B;&#xE0F;&#xE34;&#xE27;&#xE31;&#xE15;&#xE34; -- 
5. &#xE1E;&#xE23;&#xE23;&#xE04;&#xE1A;&#xE2D;&#xE25;&#xE40;&#xE0B;&#xE27;&#xE34;&#xE04;&#xE15;&#xE49;&#xE2D;&#xE07;&#xE22;&#xE36;&#xE14;&#xE2D;&#xE33;&#xE19;&#xE32;&#xE08; -- 
6. &#xE25;&#xE31;&#xE17;&#xE18;&#xE34;&#xE21;&#xE32;&#xE23;&#xE4C;&#xE01;&#xE0B;&#xE4C;&#xE01;&#xE31;&#xE1A;&#xE01;&#xE32;&#xE23;&#xE01;&#xE48;&#xE2D;&#xE01;&#xE32;&#xE23;&#xE22;&#xE36;&#xE14;&#xE2D;&#xE33;&#xE19;&#xE32;&#xE08; -- 
7. &#xE20;&#xE32;&#xE23;&#xE01;&#xE34;&#xE08;&#xE02;&#xE2D;&#xE07;&#xE01;&#xE32;&#xE23;&#xE1B;&#xE0F;&#xE34;&#xE27;&#xE31;&#xE15;&#xE34; -- 
8. &#xE27;&#xE34;&#xE01;&#xE24;&#xE15;&#xE01;&#xE32;&#xE23;&#xE13;&#xE4C;&#xE21;&#xE32;&#xE16;&#xE36;&#xE07;&#xE08;&#xE38;&#xE14;&#xE2A;&#xE38;&#xE01;&#xE07;&#xE2D;&#xE21;&#xE41;&#xE25;&#xE49;&#xE27; -- 
9. &#xE04;&#xE33;&#xE41;&#xE19;&#xE30;&#xE19;&#xE33;&#xE08;&#xE32;&#xE01;&#xE1C;&#xE39;&#xE49;&#xE2A;&#xE31;&#xE07;&#xE40;&#xE01;&#xE15;&#xE01;&#xE32;&#xE23;&#xE13;&#xE4C; -- 
10. &#xE08;&#xE14;&#xE2B;&#xE21;&#xE32;&#xE22;&#xE16;&#xE36;&#xE07;&#xE2A;&#xE2B;&#xE32;&#xE22; -- 
11. &#xE01;&#xE32;&#xE23;&#xE1B;&#xE23;&#xE30;&#xE0A;&#xE38;&#xE21;&#xE2A;&#xE20;&#xE32;&#xE42;&#xE0B;&#xE40;&#xE27;&#xE35;&#xE22;&#xE15;&#xE02;&#xE2D;&#xE07;&#xE1C;&#xE39;&#xE49;&#xE41;&#xE17;&#xE19;&#xE01;&#xE23;&#xE23;&#xE21;&#xE01;&#xE23;&#xE41;&#xE25;&#xE30;&#xE17;&#xE2B;&#xE32;&#xE23;&#xE41;&#xE2B;&#xE48;&#xE07;&#xE01;&#xE23;&#xE38;&#xE07;&#xE40;&#xE1B;&#xE42;&#xE15;&#xE23;&#xE01;&#xE23;&#xE32;&#xE14; -- 
&#xE25;&#xE33;&#xE14;&#xE31;&#xE1A;&#xE40;&#xE2B;&#xE15;&#xE38;&#xE01;&#xE32;&#xE23;&#xE13;&#xE4C;&#xE1B;&#xE0F;&#xE34;&#xE27;&#xE31;&#xE15;&#xE34;&#xE23;&#xE31;&#xE2A;&#xE40;&#xE0B;&#xE35;&#xE22; -- 
&#xE1A;&#xE31;&#xE19;&#xE17;&#xE36;&#xE01;&#xE01;&#xE32;&#xE23;&#xE2D;&#xE2D;&#xE01;&#xE41;&#xE1A;&#xE1A;.</subfield>
  </datafield>
  <datafield tag="650" ind1=" " ind2="4">
    <subfield code="a">&#xE25;&#xE31;&#xE17;&#xE18;&#xE34;&#xE04;&#xE2D;&#xE21;&#xE21;&#xE34;&#xE27;&#xE19;&#xE34;&#xE2A;&#xE15;&#xE4C; </subfield>
    <subfield code="z">&#xE23;&#xE31;&#xE2A;&#xE40;&#xE0B;&#xE35;&#xE22;</subfield>
    <subfield code="9">66147</subfield>
  </datafield>
  <datafield tag="651" ind1=" " ind2="4">
    <subfield code="a">&#xE23;&#xE31;&#xE2A;&#xE40;&#xE0B;&#xE35;&#xE22;</subfield>
    <subfield code="x">&#xE1B;&#xE23;&#xE30;&#xE27;&#xE31;&#xE15;&#xE34;&#xE28;&#xE32;&#xE2A;&#xE15;&#xE23;&#xE4C;</subfield>
    <subfield code="y">&#xE1B;&#xE0F;&#xE34;&#xE27;&#xE31;&#xE15;&#xE34;, &#xE04;.&#xE28;. 1917-1921</subfield>
    <subfield code="9">66148</subfield>
  </datafield>
  <datafield tag="700" ind1="0" ind2=" ">
    <subfield code="a">&#xE20;&#xE31;&#xE04;&#xE27;&#xE14;&#xE35; &#xE27;&#xE35;&#xE23;&#xE30;&#xE20;&#xE32;&#xE2A;&#xE1E;&#xE07;&#xE29;&#xE4C;</subfield>
    <subfield code="9">22913</subfield>
  </datafield>
  <datafield tag="942" ind1=" " ind2=" ">
    <subfield code="c">GB</subfield>
    <subfield code="2">lcc</subfield>
  </datafield>
  <datafield tag="996" ind1=" " ind2=" ">
    <subfield code="a">jidapa.t</subfield>
    <subfield code="b">ACQSTF</subfield>
    <subfield code="c">2025-06-13</subfield>
  </datafield>
  <datafield tag="996" ind1=" " ind2=" ">
    <subfield code="a">varee.k</subfield>
    <subfield code="b">LIBSTF</subfield>
    <subfield code="c">2025-06-18</subfield>
  </datafield>
  <datafield tag="996" ind1=" " ind2=" ">
    <subfield code="a">jamriang.p</subfield>
    <subfield code="b">CATSTF	</subfield>
    <subfield code="c">2025-06-18</subfield>
  </datafield>
  <datafield tag="999" ind1=" " ind2=" ">
    <subfield code="c">106877</subfield>
    <subfield code="d">106877</subfield>
  </datafield>
  <datafield tag="998" ind1=" " ind2=" ">
    <subfield code="j">104</subfield>
    <subfield code="k"> &#xE19;&#xE32;&#xE07;&#xE2A;&#xE32;&#xE27;&#xE2A;&#xE32;&#xE22;&#xE1D;&#xE19;  &#xE14;&#xE35;&#xE07;&#xE32;&#xE21;</subfield>
  </datafield>
  <datafield tag="952" ind1=" " ind2=" ">
    <subfield code="0">0</subfield>
    <subfield code="1">0</subfield>
    <subfield code="2">lcc</subfield>
    <subfield code="4">0</subfield>
    <subfield code="7">0</subfield>
    <subfield code="8">CGBL</subfield>
    <subfield code="a">NALT</subfield>
    <subfield code="b">NALT</subfield>
    <subfield code="c">GEN</subfield>
    <subfield code="d">2025-06-05</subfield>
    <subfield code="e">192</subfield>
    <subfield code="l">0</subfield>
    <subfield code="o">DK 265 &#xE25;783&#xE2B; 2566</subfield>
    <subfield code="p">3961215396</subfield>
    <subfield code="r">2025-06-05 00:00:00</subfield>
    <subfield code="w">2025-06-05</subfield>
    <subfield code="y">GB</subfield>
  </datafield>
</record>
